| 000 | 01293nam a2200337 c 4500 | ||
|---|---|---|---|
| 001 | 43912 | ||
| 003 | ES-MaCES | ||
| 005 | 20210726135221.0 | ||
| 007 | cr ||||||||||| | ||
| 008 | 981125s1995 sp |||||||||||00||0 spa|d | ||
| 035 | _a0008600000036 | ||
| 040 |
_aES-MaCES _bspa _cES-MaCES |
||
| 245 | 0 | 0 | _aDictamen 9-1995, sobre el Proyecto de Real Decreto por el que se desarrollan las Disposiciones de la Ley General Tributaria en materias de infracciones y sanciones y fraude de Ley |
| 300 | _a17 p. (35 Kb.) | ||
| 593 |
_cEconomía y Fiscalidad _iD-009-1995 _f19951220 _sPleno ordinario _vPresentes 41, Si 38, No 1 y Abstenciones 2. _yCC.OO. _yUGT _yCIG _yUPA _yCOAG. |
||
| 650 | 4 |
_a1995 _930872 |
|
| 650 | 4 |
_areforma legislativa _929892 |
|
| 650 | 4 |
_asanción _929073 |
|
| 650 | 4 |
_adelito _927046 |
|
| 650 | 4 |
_afraude _930253 |
|
| 650 | 4 |
_afraude fiscal _931745 |
|
| 650 | 4 |
_atributación _928093 |
|
| 653 | 1 | 0 | _aFiscalidad |
| 700 | 1 |
_aGarcía Díaz, Miguel Ángel _einterviniente _912862 |
|
| 700 | 1 |
_aPujol Segarra, Joan _eponente _921498 |
|
| 710 | 1 |
_aEspaña _bMinisterio de Economía y Hacienda _esolicitante _93237 |
|
| 856 |
_uhttp://www.ces.es/documents/DIC/1995/09 _ytexto completo |
||
| 902 | _aDictamen | ||
| 942 |
_2CES _cDI _h0.1. |
||
| 999 |
_c43912 _d43912 |
||